[Event "44th Open Sitges 2018"]
[Site "Sitges"]
[Date "2018.07.28"]
[Round "8"]
[White "Fernandez Cardoso, Alexey"]
[Black "Blasco Coll, Andreu"]
[Result "1/2-1/2"]
[WhiteElo "2439"]
[BlackElo "2242"]
[Annotator "TA"]
[PlyCount "68"]
[EventDate "2018.07.22"]
[EventType "swiss"]
[EventCountry "ESP"]
[SourceTitle "playchess.com"]
[Source "ChessBase"]
[SourceQuality "1"]

{[%evp 15,68,21,20,-3,-6,-5,0,-7,-6,-7,0,0,0,-13,0,-7,-10,-20,-18,-22,-22,-29,-27,-58,-70,-54,-62,-76,-79,-79,-72,-69,-51,-49,-64,-82,0,-60,0,-54,-58,-99,-104,-105,-84,-100,-53,-53,-49,-50,0,0,0,-64,0]} 1. e4 c6 2. d4 d5 3. e5 Bf5 4. Nf3 e6 5. Be2 c5 6. c3 Ne7 7. O-O cxd4 {B12: Caro-Kann: Advance Variation} 8. Nxd4 Nbc6 {LiveBook: 34 Games} 9. Qb3 Nxd4 {The position is equal.} (9... Qd7 10. f4 Bg6 11. Be3 Nf5 12. Nxf5 Bxf5 13. Nd2 h5 14. Nf3 Be7 15. Rad1 {½-½ (38) Fressinet,L (2662)-Kasimdzhanov,R (2683) Riadh 2017}) 10. cxd4 Qd7 11. g4 $146 ({Predecessor:} 11. Nc3 Nc6 12. Be3 Be7 13. Rac1 O-O 14. Na4 Rac8 15. Nc5 Bxc5 16. Rxc5 b6 17. Rcc1 Na5 18. Qb5 Qxb5 19. Bxb5 Nc4 20. b3 Na3 21. Ba6 {½-½ (21) Pavic,F (2254)-Tica,S (2348) Sveti Filip i Jakov 2017}) 11... Bg6 $1 12. Be3 Nc6 13. Nc3 Be7 14. f4 f5 15. exf6 Bxf6 16. Qd1 O-O 17. Qd2 Be7 18. Rae1 Rac8 19. Bf2 Bd6 20. Be3 Bb4 21. Bd3 Bxd3 22. Qxd3 Na5 23. Bc1 Bxc3 24. bxc3 Nc4 25. Qf3 Qc6 (25... a5 $17) 26. Qd3 (26. Re2 $11) 26... Qd7 ({Better is} 26... Rf7 $15) 27. f5 ({White should play} 27. Qf3 $1 $11) 27... exf5 $15 28. gxf5 Rf7 29. Re6 Rcf8 30. Qe2 Rxf5 31. Rxf5 Rxf5 32. Re7 $1 {[%cal Re7d7]} Qc6 33. Re6 $1 {[%cal Re6c6]} Qd7 {[#] Hoping for ...Kf7.} ({Don't go for} 33... Nd6 $2 34. Ba3 $18) 34. Re7 $1 {[%cal Re7d7]} Qc6 {Precision: White = 41%, Black = 64%.} ({Black should try} 34... Qd6 $15) 1/2-1/2

[Event "44th Open Sitges 2018"]
[Site "Sitges"]
[Date "2018.07.28"]
[Round "8"]
[White "Kulkarni Bhakti"]
[Black "Munoz, Miguel"]
[Result "0-1"]
[WhiteElo "2285"]
[BlackElo "2500"]
[Annotator "TA"]
[PlyCount "72"]
[EventDate "2018.07.22"]
[EventType "swiss"]
[EventCountry "ESP"]
[SourceTitle "playchess.com"]
[Source "ChessBase"]
[SourceQuality "1"]

{[%evp 13,72,24,58,20,45,35,39,46,37,-17,-22,-14,-28,-39,-35,-39,-28,-93,-79,-78,-81,-85,-79,-95,-87,-102,-88,-109,-95,-272,-161,-176,-158,-177,-177,-181,-156,-216,-205,-222,-220,-335,-313,-368,-336,-448,-434,-529,-491,-717,-717,-704,-632,-794,-787,-1408,-1389,-1370,-1364,-2131,-2094]} 1. e4 g6 2. d4 Bg7 3. Nc3 d6 4. Be3 c6 5. a4 Nf6 6. h3 Qa5 7. Qd2 {B07: Pirc-Ufimzew-Verteidigung} Nbd7 {LiveBook: 7 Partien} (7... b5 8. b4 Qxb4 9. axb5 c5 10. Nf3 O-O 11. Bd3 cxd4 12. Bxd4 e5 13. Ra4 Qxa4 14. Nxa4 exd4 {1-0 (33) Socko,B (2593)-Artemiev,V (2691) Riadh 2017}) 8. g3 e5 9. Bg2 {Weiß steht etwas besser.} O-O 10. Nge2 b5 $146 {[#]} ({Vorgänger:} 10... Re8 11. O-O exd4 12. Bxd4 Nc5 13. Rfe1 {1-0 (24) Kurnosov,I (2433)-Loginov,V (2526) Samara 2002}) 11. O-O (11. b4 $1 $14 {[%mdl 512]} Qxb4 12. axb5) 11... b4 $11 12. Na2 c5 13. dxc5 dxc5 14. b3 Rd8 15. Rad1 (15. Rfd1 $11) 15... Bb7 $36 {[%mdl 2048] Weiss muss aufpassen.} 16. f3 Nf8 {[%cal Bd7f8,Bf8e6,Be6d4][%mdl 32]} 17. Qc1 Ne6 18. c4 bxc3 19. Qxc3 Qb6 20. b4 {[%cal Rb4c5]} Nd4 21. Nec1 $2 (21. Qb2 $17) 21... Bf8 (21... cxb4 $142 22. Nxb4 Bh6 $1 {[%mdl 512]}) 22. b5 a6 23. a5 Qxb5 24. Kh2 Nh5 25. Rd2 (25. Rf2 $17 {ist wohl besser.}) 25... Bc8 $19 26. Rb2 {[#]} Qa4 $1 27. f4 (27. Nb3 {war einen Versuch wert.}) 27... exf4 28. gxf4 Be6 29. e5 Rab8 {Schwarz steht klar auf Gewinn.} 30. Rff2 Be7 31. Rfd2 (31. Rxb8 $142 Rxb8 32. Nd3 Bxa2 33. Nxc5 Bxc5 34. Qxc5) 31... Rxb2 32. Rxb2 Nf5 33. Bd2 Nxf4 34. Bb7 Nd5 35. Qf3 Qd4 36. Bc3 Nxc3 {Precision: Weiß = 36%, Schwarz = 80%.} 0-1

[Event "44th Open Sitges 2018"]
[Site "Sitges"]
[Date "2018.07.28"]
[Round "8"]
[White "Saurabh, Anand"]
[Black "Volkov, Sergey"]
[Result "0-1"]
[WhiteElo "2258"]
[BlackElo "2574"]
[Annotator "TA"]
[PlyCount "94"]
[EventDate "2018.07.22"]
[EventType "swiss"]
[EventCountry "ESP"]
[SourceTitle "playchess.com"]
[Source "ChessBase"]
[SourceQuality "1"]

{[%evp 26,94,22,29,25,0,29,23,28,28,31,31,31,20,31,20,30,28,44,9,31,12,21,0,0,0,26,0,0,0,0,0,0,-30,-13,-18,-18,-79,-22,-39,-10,-54,-65,-187,-186,-204,-187,-17,-171,-262,-265,-327,-322,-315,-310,-260,-288,-623,-258,-1161,-971,-1976,-1955,-2430,-5387,-29965,-29970,-29978,-29972,-29977,-29978]} 1. e4 e6 2. d4 d5 3. Nc3 Nf6 4. e5 Nfd7 5. f4 c5 6. Nf3 Nc6 7. Be3 Be7 8. Qd2 O-O 9. dxc5 Bxc5 {C11: French: Classical System: 4 e5 and 4 Bg5 dxe4} (9... Qa5 10. a3 Bxc5 11. O-O-O Rd8 12. Bxc5 Nxc5 13. h4 Bd7 14. h5 h6 15. g4 Be8 16. Qe3 d4 17. Nxd4 Nxd4 18. Rxd4 {½-½ (26) Inarkiev,E (2689)-Volkov,S (2645) St Petersburg 2017}) 10. O-O-O Qb6 11. Nd4 Nxd4 12. Bxd4 Bxd4 13. Qxd4 Qxd4 14. Rxd4 {LiveBook: 10 Games} a6 15. Rd1 Nb8 16. Ne2 $146 Nc6 17. Nd4 Bd7 18. Be2 Rac8 19. Rhe1 Rc7 20. Kb1 Rfc8 21. c3 Kf8 22. Nxc6 Bxc6 23. g3 Ke7 24. Bd3 Ba4 25. Rd2 h6 26. g4 Bb5 27. Bxb5 axb5 $11 {[%mdl 4096] Endgame KRR-KRR} 28. Rd4 Rc4 29. Red1 f6 30. exf6+ Kxf6 31. Kc2 (31. a3 $11) 31... g5 (31... b4 $17) 32. f5 $1 exf5 33. Rxd5 Rxg4 34. Rd6+ (34. Rxb5 $15 Re8 35. Rxb7) 34... Kg7 $19 35. Rd7+ {[#]} Kg6 $1 36. R1d6+ Kh5 37. Rh7 (37. Rxb7 {was worth a try.} Rh4 38. Rxb5) 37... Rg2+ 38. Kd3 Kg4 ({Less strong is} 38... Rxb2 39. h3 $17) 39. Rhxh6 Rc6 ({Don't play} 39... Rxb2 40. h3+ Kf4 41. Rd4+ Ke5 42. Rhd6 $19) 40. Rxc6 bxc6 41. Rxc6 $2 {[#]} (41. b3 Rxa2 42. h3+ Kf4 43. b4) 41... Rxb2 {KR-KR} (41... Rxh2 $142 42. Rb6 Rxb2) 42. a4 $2 (42. Rh6) 42... bxa4 43. Rc4+ f4 {[%cal Bf5f4,Bf4f3][%mdl 32]} 44. Rxa4 Rxh2 45. c4 f3 {Black mates.} 46. Ra8 Kg3 47. Rf8 Rh1 {Precision: White = 23%, Black = 47%.} 0-1

[Event "44th Open Sitges 2018"]
[Site "Sitges"]
[Date "2018.07.28"]
[Round "8"]
[White "Harikrishnan, A Ra"]
[Black "Abhishek, Das"]
[Result "0-1"]
[WhiteElo "2204"]
[BlackElo "2325"]
[Annotator "TA"]
[PlyCount "164"]
[EventDate "2018.07.22"]
[EventType "swiss"]
[EventCountry "ESP"]
[SourceTitle "playchess.com"]
[Source "ChessBase"]
[SourceQuality "1"]

{[%evp 27,164,45,48,38,45,44,51,35,37,18,47,56,51,60,72,75,85,70,75,68,66,65,69,68,70,34,62,30,34,32,42,-26,-26,-25,-24,-26,-19,-23,-17,-27,-21,-37,-24,-66,-46,-56,0,0,0,0,0,0,0,-24,0,-23,-13,-12,-12,-14,-12,-24,-20,-12,-12,-12,-12,-12,-14,-11,-14,-110,-88,-73,-73,-177,-190,-261,0,-148,-45,-261,-245,-273,-271,-270,-263,-283,-283,-275,-433,-433,-433,-704,-704,-685,-685,-678,-671,-645,-635,-676,-585,-1039,-1041,-1010,-997,-905,-835,-887,-864,-711,-708,-719,-710,-673,-673,-650,-447,-845,-836,-716,-811,-768,-720,-863,-852,-1385,-1439,-2214,-1970,-2916,-2587,-5616,-6601,-6605,-4641,-5286,-5114]} 1. e4 c5 2. Nf3 g6 3. d4 cxd4 4. Nxd4 Nc6 5. c4 Nf6 6. Nc3 Nxd4 7. Qxd4 d6 8. Be2 Bg7 9. Be3 O-O 10. Qd1 Bd7 11. O-O Bc6 12. f3 a5 13. Qd2 Nd7 14. Rac1 Nc5 {LiveBook: 65 Games} 15. Kh1 {B38: Sicilian: Maroczy Bind with 5...Bg7 and 7...0-0} (15. Rc2 Qb6 16. Rb1 Rfc8 17. Kh1 Qd8 18. Bf1 h5 19. Rd1 Qf8 20. Qe1 Na4 21. Nxa4 Bxa4 22. b3 Bd7 {½-½ (56) Rizouk,A (2511)-Guerra Mendez,J (2533) Barcelona 2016}) 15... Qb6 16. Rc2 Rfc8 17. Rfc1 $146 {White is slightly better.} ({Predecessor:} 17. Nd5 Bxd5 18. Qxd5 Qd8 19. Rd1 Rc6 20. Qd2 Qf8 21. Rb1 a4 {½-½ (29) Bus,M (2390)-Cyborowski,L (2205) Legnica 1995}) 17... Qd8 18. Nd5 h5 19. Bg5 Bxd5 20. cxd5 Qd7 21. Be3 b6 22. Qd1 Kh7 23. Qf1 Qd8 24. Bb5 Qh8 25. Qe2 Bd4 26. Bc6 {And now Bxd4 would win.} Rab8 27. Rd1 Bxe3 28. Qxe3 Qe5 29. Qc3 (29. Qe2 $14) 29... Qxc3 $11 30. bxc3 b5 31. Rb1 b4 32. cxb4 Rxb4 33. Rxb4 axb4 {[%mdl 4096] Endgame KRB-KRN} 34. Rb2 Rb8 35. Kg1 Rb6 36. Kf1 Ra6 (36... Kg7 $15) 37. Bb5 Ra3 38. Bc4 Ra4 39. Ke2 Kg7 40. Kd2 g5 41. h3 Kf6 42. Ke3 $1 Ke5 43. g3 $1 {[%cal Bg2g3,Bg3f4][%mdl 32]} Ra3+ 44. Bb3 $1 Nxb3 {KRN-KR} 45. f4+ gxf4+ 46. gxf4+ Kf6 47. Rxb3 Rxa2 {...Ra3 is the strong threat.} 48. Rxb4 {KR-KR} Ra3+ 49. Kd4 {[#]} (49. Ke2 $11 {keeps the balance.}) 49... Rf3 $1 $17 ({Reject} 49... Rxh3 $6 50. e5+ Kf5 51. Rb7 $15) 50. Rb1 Rxf4 51. Rb3 (51. Rb6 $17) 51... Rf1 $19 52. Ra3 (52. Ke3 {keeps fighting.}) 52... Rf4 ({Black should play} 52... h4 $19 53. Ke3 Rg1) 53. Rb3 $1 $17 {[#]} h4 (53... Rf2 $1 $17 54. Ke3 Rf1) 54. Ra3 $2 ({White must play} 54. Rb6 $15) 54... Rf1 $19 55. Rb3 Ra1 56. Rf3+ Kg6 {Threatens to win with ...Ra4+.} 57. Rb3 Kg5 58. Rb7 Ra4+ (58... Kf6 $142 59. Ke3 Ra3+ 60. Kf4 Rxh3) 59. Ke3 {Black is clearly winning.} Ra3+ 60. Kd4 (60. Kf2 $142 Kf6 61. Kg2) 60... Kf6 61. Rb6 Ra4+ 62. Kd3 Ke5 63. Rb7 Ra3+ 64. Kc4 Kf6 65. e5+ dxe5 66. Rb6+ Kf5 67. Rb7 Ra4+ 68. Kc5 Ra5+ 69. Kc6 Kf6 70. Rb4 Ra3 71. Rxh4 Rc3+ 72. Kb5 Kg5 73. Rh7 (73. Rh8 $142 Kf5 74. Kb4) 73... Kg6 74. Rh8 f5 75. Rg8+ Kf7 76. Rg5 Kf6 77. Rh5 e4 78. h4 Ke5 79. Rh7 Kxd5 80. Rxe7 Rb3+ 81. Ka4 Rh3 82. Rd7+ Ke6 {Precision: White = 32%, Black = 73%.} 0-1

[Event "44th Open Sitges 2018"]
[Site "Sitges"]
[Date "2018.07.28"]
[Round "8"]
[White "Anuj, Shrivatri"]
[Black "Miciano, John Marvin"]
[Result "1/2-1/2"]
[WhiteElo "2094"]
[BlackElo "2411"]
[Annotator "TA"]
[PlyCount "67"]
[EventDate "2018.07.22"]
[EventType "swiss"]
[EventCountry "ESP"]
[SourceTitle "playchess.com"]
[Source "ChessBase"]
[SourceQuality "1"]

{[%evp 15,67,38,32,17,32,33,68,67,68,36,58,-28,-17,-34,-32,-24,44,-126,-74,-100,-91,-129,210,-92,-62,-55,-28,-11,-14,-10,2225,-79,291,-850,328,-30,-8,-8,-8,-8,13,8,10,11,31,18,67,20,36,8,8,8,8,8]} 1. d4 Nf6 2. Nf3 g6 3. Nc3 d5 4. Bf4 Bg7 5. e3 O-O 6. Be2 b6 7. Ne5 c5 {D00: 1 d4 d5: Unusual lines} 8. h4 h5 {[%cal Bh7h5,Bh5g4][%mdl 32] LiveBook: 6 Games} (8... Bb7 9. h5 Nc6 10. hxg6 hxg6 11. Qd2 Nxe5 12. Bxe5 Ne4 13. Nxe4 dxe4 14. Bxg7 Kxg7 15. O-O-O {1-0 (46) Skoberne,J (2542)-Vorobiov,E (2585) Nova Gorica 2017}) 9. f3 Bb7 10. Qd2 Nc6 11. O-O-O a6 $146 ({Predecessor:} 11... Nxe5 12. Bxe5 Bh6 13. g4 hxg4 14. fxg4 Ne4 15. Nxe4 dxe4 {1-0 (23) Okhotnik,V (2399)-Zvan,Z (2288) Pula 2013}) 12. g4 b5 13. Bg5 (13. dxc5 $14 hxg4 14. Nxg4 (14. fxg4 b4 $17) 14... Nxg4 15. fxg4) 13... hxg4 $11 14. h5 Nxe5 (14... Nxh5 15. Nxc6 Bxc6 16. fxg4 $17) 15. dxe5 {Black must now prevent h6.} Nh7 (15... Nxh5 $11 16. Rhg1 Bxe5 17. Nxd5 Bxd5 18. Qxd5 Ng3) 16. e4 $2 {[#]} (16. Bf4 $14 {keeps the upper hand.}) 16... dxe4 (16... Bxe5 17. Bf4 $15) (16... d4 $142 $1 {[%cal Rd4c3]} 17. Nd5 Bxd5 18. exd5 Qxd5 19. hxg6 fxg6 20. Bxe7 Rf7) 17. Qe3 Qc7 (17... exf3 18. Rxd8 Raxd8 19. h6 $18 (19. Bxe7 fxe2 20. Re1 gxh5 $14)) 18. hxg6 fxg6 $2 {[%mdl 8192] [#]} (18... Nxg5 $17 19. Qxg5 gxf3) 19. Bh6 $2 ({White has to play} 19. Rxh7 $1 $18 Kxh7 20. f4) 19... Bxe5 $17 20. fxe4 Bf4 21. Bxf4 Qxf4 22. Qxf4 Rf6 $2 {[%mdl 8192]} (22... Rxf4 $11 23. Rd7 Rb8) 23. Qf5 $2 (23. Qc7 $18) 23... Rxf5 $4 {[%mdl 8192]} (23... gxf5 $17 {and life is bright.} 24. Rh4 g3 25. exf5 Rxf5) 24. Rd6 $4 {[%mdl 8192]} (24. Bxg4 Re5 $15) (24. exf5 $18 Bxh1 25. fxg6 (25. Rxh1 gxf5 26. Nd5 Ra7 $14)) 24... Rf4 $4 {[%mdl 8192]} (24... exd6 $19 25. Bxg4 Re5) 25. Rd7 $2 ({White must play} 25. Rxg6+ $18 Kh8 26. Rgh6 (26. Bxg4 Rg8 $16) (26. Rxg4 Rxg4 27. Bxg4 Kg7 $14)) 25... Bxe4 {[#]} 26. Rxh7 $1 {[%mdl 512]} Kxh7 27. Rxe7+ Kg8 28. Rxe4 Raf8 {aiming for ...g3.} 29. Bxg4 Kg7 {...b4 is the strong threat.} 30. Be2 g5 31. Re5 R8f5 32. Rxf5 Rxf5 33. Kd2 Re5 34. a4 {Precision: White = 24%, Black = 33%.} 1/2-1/2

[Event "44th Open Sitges 2018"]
[Site "Sitges"]
[Date "2018.07.28"]
[Round "8"]
[White "Mas Mestres, Jordi"]
[Black "Lobato, Lavin Alvaro"]
[Result "0-1"]
[WhiteElo "1825"]
[BlackElo "1923"]
[Annotator "NA"]
[PlyCount "102"]
[EventDate "2018.07.22"]
[EventType "swiss"]
[EventCountry "ESP"]
[SourceTitle "playchess.com"]
[Source "ChessBase"]
[SourceQuality "1"]
[TimeControl "40/5400+30:1800+30"]

1. e4 {[%emt 0:00:02]} c5 {[%emt 0:00:04]} 2. Nf3 {[%emt 0:00:19]} d6 {[%emt 0:00:03]} 3. d3 {[%emt 0:00:15]} Nc6 {[%emt 0:00:13]} 4. g3 {[%emt 0:00:28]} Nf6 {[%emt 0:00:09]} 5. Bg2 {[%emt 0:00:16]} g6 {[%emt 0:00:09]} 6. O-O {[%emt 0:00:39]} Bg7 {[%emt 0:00:06]} 7. Nbd2 {[%emt 0:00:40]} O-O {[%emt 0:00:19]} 8. Re1 {[%emt 0:02:28]} Qc7 {[%emt 0:03:55]} 9. Nf1 {[%emt 0:01:21]} Bg4 {[%emt 0:04:51]} 10. h3 {[%emt 0:02:55]} Bxf3 {[%emt 0:00:17]} 11. Bxf3 {[%emt 0:00:13]} Rab8 {[%emt 0:03:57]} 12. c3 {[%emt 0:06:28]} b5 {[%emt 0:05:24]} 13. Be3 {[%emt 0:08:21]} e5 {[%emt 0:07:36]} 14. Nh2 {[%emt 0:02:15]} b4 {[%emt 0:02:45]} 15. Ng4 {[%emt 0:03:46]} Nxg4 {[%emt 0:07:21]} 16. hxg4 {[%emt 0:00:06]} bxc3 {[%emt 0:00:11]} 17. bxc3 {[%emt 0:00:06]} Rb2 {[%emt 0:11:28]} 18. Kg2 {[%emt 0:06:56]} Qa5 {[%emt 0:10:58]} 19. Qc1 {[%emt 0:04:25]} Rxa2 {[%emt 0:08:50]} 20. Rxa2 {[%emt 0:00:22]} Qxa2 {[%emt 0:00:06]} 21. Bh6 {[%emt 0:00:07]} Bxh6 {[%emt 0:03:57]} 22. Qxh6 {[%emt 0:00:16]} f6 {[%emt 0:00:05]} 23. Rh1 {[%emt 0:01:04]} Rf7 {[%emt 0:04:25]} 24. g5 {[%emt 0:07:20]} Qe6 {[%emt 0:05:57]} 25. Bd1 {[%emt 0:05:52]} fxg5 {[%emt 0:03:40]} 26. Qxg5 {[%emt 0:00:17]} Qa2 {[%emt 0:01:33]} 27. Qe3 {[%emt 0:00:29]} a5 {[%emt 0:00:21]} 28. Bg4 {[%emt 0:07:07]} a4 {[%emt 0:01:26]} 29. Rf1 {[%emt 0:01:46]} Rb7 {[%emt 0:04:28]} 30. Qc1 {[%emt 0:01:04]} a3 {[%emt 0:02:24]} 31. Qa1 {[%emt 0:00:15]} Qxa1 {[%emt 0:01:28]} 32. Rxa1 {[%emt 0:00:15]} Ra7 {[%emt 0:00:10]} 33. Be6+ {[%emt 0:00:38]} Kf8 {[%emt 0:00:36]} 34. Kf3 {[%emt 0:00:37]} Ke7 {[%emt 0:01:03]} 35. Bd5 {[%emt 0:00:14]} Nb8 {[%emt 0:01:10]} 36. Ke3 {[%emt 0:00:13]} Nd7 {[%emt 0:00:51]} 37. Kd2 {[%emt 0:00:55]} Nb6 {[%emt 0:01:38]} 38. Bg8 {[%emt 0:00:31]} h5 {[%emt 0:00:35]} 39. Ra2 {[%emt 0:01:30]} Kf6 {[%emt 0:00:44]} 40. Kc2 {[%emt 0:00:42]} g5 {[%emt 0:00:57]} 41. Kd2 {[%emt 0:01:28]} Nc8 {[%emt 0:06:54]} 42. Ke3 {[%emt 0:00:22]} Ne7 {[%emt 0:00:13]} 43. Bc4 {[%emt 0:00:19]} h4 {[%emt 0:04:49]} 44. gxh4 {[%emt 0:00:36]} gxh4 {[%emt 0:00:10]} 45. f4 {[%emt 0:00:32]} exf4+ {[%emt 0:02:24]} 46. Kxf4 {[%emt 0:00:15]} Ng6+ {[%emt 0:01:22]} 47. Ke3 {[%emt 0:00:38]} Ne5 {[%emt 0:03:23]} 48. Bd5 {[%emt 0:00:18]} h3 {[%emt 0:01:02]} 49. d4 {[%emt 0:00:27]} cxd4+ {[%emt 0:02:24]} 50. cxd4 {[%emt 0:00:30]} Ng4+ {[%emt 0:00:14]} 51. Kf4 {[%emt 0:01:45]} h2 {[%emt 0:03:17]} 0-1

[Event "44th Open Sitges 2018"]
[Site "Sitges"]
[Date "2018.07.29"]
[Round "9"]
[White "Guseinov, Gadir"]
[Black "Aguero Jimenez, Luis Lazaro"]
[Result "1-0"]
[WhiteElo "2654"]
[BlackElo "2473"]
[Annotator "TA"]
[PlyCount "71"]
[EventDate "2018.07.22"]
[EventType "swiss"]
[EventCountry "ESP"]
[SourceTitle "playchess.com"]
[Source "ChessBase"]
[SourceQuality "1"]

{[%evp 18,71,6,1,22,0,4,14,12,0,9,8,14,8,8,7,2,4,7,7,43,41,25,24,89,86,77,78,78,133,179,120,194,194,223,225,226,201,457,427,552,552,670,565,1599,-29992,29994,29983,29982,29983,29991,29988,29996,29997,29997,29998]} 1. e4 c5 2. Nc3 a6 3. Nf3 Nf6 4. d4 cxd4 5. Nxd4 d6 6. h3 e5 7. Nb3 Be6 {B90: Sicilian Najdorf: Unusual White 6th moves, 6 Be3 Ng4 and 6 Be3 e5} 8. f4 g6 9. Be2 Nbd7 10. O-O {LiveBook: 5 Games} b5 $146 ({Predecessor:} 10... Rc8 11. f5 gxf5 12. exf5 Bc4 13. Bxc4 Rxc4 14. Qd3 Qc7 15. Be3 {0-1 (40) Gharamian,T (2626)-Rodshtein,M (2698) Chartres 2017}) 11. f5 gxf5 12. exf5 Bc4 $1 13. a4 d5 14. axb5 axb5 {White must now prevent ...Rxa1.} 15. Rxa8 Qxa8 16. Nxb5 {Strongly threatening Nc7+.} Qc6 $132 {[%mdl 2048] Black is not keeping still} 17. Nc3 Rg8 {And now ...d4 would win.} 18. Nd2 Bc5+ 19. Kh1 Bxe2 20. Qxe2 h5 (20... Bb4 $11 {keeps the balance.}) 21. Nf3 $16 {aiming for Bf4.} d4 22. Nd1 Ne4 {[#]} 23. Bf4 $1 {[%mdl 512]} Kd8 {[#]} (23... exf4 24. Nf2) 24. Bh2 ({Not} 24. Nxe5 $2 Nxe5 25. Re1 (25. Bxe5 $2 Re8 $19) 25... Ng3+ 26. Bxg3 Rxg3 $19) (24. Re1 $1 $18) 24... f6 {[#]} (24... Nd6 $16) 25. c3 $1 $18 dxc3 26. Nxc3 Nxc3 27. bxc3 Kc7 $2 (27... Kc8 28. Qc4 Rf8) 28. Nd4 Qb7 29. Qa2 Qa8 30. Ne6+ Kc6 31. Rd1 $4 {[%mdl 8192]} (31. Qc4 $18 Kb7 32. Nxc5+ Nxc5 33. Rb1+ Kc6 34. Bg1) 31... Qb7 $4 {[%mdl 8192]} (31... Qxa2 {and life is good for Black.} 32. g3 Qe2 33. Rg1 Bxg1 34. Nd8+ Rxd8 35. Bxg1 Nc5 36. g4 Rd2 37. Bf2 Qxf2 38. gxh5 Qh2#) 32. Qd2 {White mates.} Nb6 33. Nxc5 Kxc5 34. Bg1+ Kc6 35. Qd6+ Kb5 36. Qc5+ {Precision: White = 79%, Black = 24%.} 1-0

[Event "44th Open Sitges 2018"]
[Site "Sitges"]
[Date "2018.07.29"]
[Round "9"]
[White "Volkov, Sergey"]
[Black "Munoz, Miguel"]
[Result "1/2-1/2"]
[WhiteElo "2574"]
[BlackElo "2500"]
[Annotator "TA"]
[PlyCount "69"]
[EventDate "2018.07.22"]
[EventType "swiss"]
[EventCountry "ESP"]
[SourceTitle "playchess.com"]
[Source "ChessBase"]
[SourceQuality "1"]

{[%evp 16,69,54,54,73,79,82,84,85,81,93,69,72,54,54,54,54,54,54,38,54,54,40,41,50,32,45,18,50,-6,16,-52,-55,-66,-65,-65,-37,-33,-15,-12,0,-46,0,0,-2,0,0,-22,0,-37,0,-74,-89,-97,-79,-77]} 1. d4 Nf6 2. c4 g6 3. Nc3 Bg7 4. e4 d6 5. Nf3 Bg4 6. Be2 Nfd7 {[%cal Bf6d7,Bd7e5,Be5d3][%mdl 32]} 7. Ng1 {E90: Königsindisch (Klassisches System)} Bxe2 8. Ngxe2 c5 9. d5 {LiveBook: 6 Partien. Weiß steht etwas besser.} Qa5 10. Bd2 Ne5 11. b3 Nd3+ 12. Kf1 Qd8 13. h4 h5 14. Rh3 Ne5 {[#]} 15. Kg1 $146 Nbd7 16. Qc2 Qb6 17. a4 a6 18. Ra2 Qc7 19. Nd1 O-O-O 20. a5 Kb8 21. Nec3 Ng4 22. Na4 (22. f3 $14) 22... e6 {[%cal Be7e6,Be6d5][%mdl 32]} 23. b4 ({Günstiger ist} 23. Nac3 $11) 23... cxb4 $15 24. Bxb4 Rhe8 25. Bc3 Bxc3 26. Rxc3 f5 27. Rb2 exd5 28. f3 $1 Ngf6 {[%cal Rd5e4]} 29. Rcb3 Nc5 30. Nxc5 Qxc5+ 31. Nf2 Re7 $36 {[%mdl 2048] Schwarz hat Druck.} ({Schlechter ist} 31... fxe4 32. Rxb7+ Ka8 33. R7b6 $16) 32. exd5 Rc8 ({Bitte nicht} 32... Qxa5 $6 33. Nd3 $16) 33. Qb1 (33. Rb1 $1 $11 Qd4 34. Rb4) 33... Rcc7 $17 34. Rb4 Qe3 {[#] Und weiter mit ...Sxd5! wäre nett.} ({Lieber nicht} 34... Qxa5 35. Nd3 $16) 35. R2b3 {Precision: Weiß = 52%, Schwarz = 55%.} 1/2-1/2